000 00641nam a2200265Ia 4500
005 20260121172334.0
008 008 260114s9999 xx 000 0 eng d
020 _a9789813341999
037 _aEBOOK
040 _aCRL
040 _beng
040 _cCRL
041 _2eng
041 _aeng
084 _qCRL
100 _aFumio Hiai
_91087212
245 0 _aQuantum f-Divergences in von Neumann Algebras
260 _bSpringer
260 _bSpringer
260 _c2021
856 _uhttps://link.springer.com/openurl?genre=book&isbn=978-981-33-4199-9
942 _cEBOOK
999 _c1652949
_d1652949